000 00400nam a22001577a 4500
003 MPLRDC
005 20220104143624.0
008 210129b ||||| |||| 00| 0 eng d
082 _a719.865 LXJ v.30 c.2
100 _a许友彬主编
245 _a旅行家. 第三十期
_c
260 _a
_b曦地有限公司
_c1994
300 _b
650 _a旅行期刊
942 _cBK
_o719.865 LXJ v.30 c.2
999 _c41721
_d41711